Personality at work : the role of individual differences in the workplace
Αποθηκεύτηκε σε:
| Κύριος συγγραφέας: | |
|---|---|
| Μορφή: | Βιβλίο |
| Γλώσσα: | English |
| Δημοσίευση: |
London :
Routledge,
c1995
|
| Θέματα: | |
| Ετικέτες: |
Προσθήκη ετικέτας
Δεν υπάρχουν, Καταχωρήστε ετικέτα πρώτοι!
|
MARC
| LEADER | 00000nam a2200000 i 4500 | ||
|---|---|---|---|
| 001 | 1/69780 | ||
| 008 | 981110s1995 eng d | ||
| 020 | |a 0-415-10648-6 | ||
| 035 | |l 10030460 | ||
| 040 | |a GR-MY-UA |b gre |e aacr | ||
| 041 | 0 | |a eng | |
| 082 | 0 | |a 158.7 | |
| 100 | 1 | |a Furnham, Adrian. | |
| 245 | 1 | 0 | |a Personality at work : |b the role of individual differences in the workplace / |c Adrian Furnham |
| 260 | |a London : |b Routledge, |c c1995 | ||
| 300 | |a 423 p. | ||
| 504 | |a Includes bibliographical references and indexes | ||
| 650 | 0 | 0 | |a Personality and occupation. |
| 650 | 0 | 0 | |a Employees |x Psychological tests. |
| 650 | 0 | 0 | |a Work |x Psychological aspects. |
| 650 | 0 | 0 | |a Personality tests. |
| 852 | |a INST |b LESVOS |e 19981110 |h 158.7 FUR |p 005100018162 |q 005100018162 |t BK |y 0 | ||
| 901 | |a BIBL-1999-1 | ||
| 909 | |a Λ |b 060057 | ||
| 922 | |a 1ΕΛΗ |b 199810 |c ΚΠΣ/ΤΚ |d ΠΑΠΑΣΩΤΗΡΙΟΥ | ||
| 950 | |a 103-1998-07-27 | ||